| 000 | 00617nam a22002051 4500 | ||
|---|---|---|---|
| 001 | 134574 | ||
| 003 | ES-MaACL | ||
| 005 | 20230906194713.0 | ||
| 007 | t| | ||
| 008 | 070912s1951 sp ||||0| spa d | ||
| 016 | 7 | _zIND2000944634 | |
| 040 |
_aM-BN _bspa _cCDM |
||
| 080 | _a546(075.8) | ||
| 100 | 1 |
_aWiberg, Egon. _9116732 |
|
| 245 | 1 | 0 |
_aQuímica inorgánica moderna / _cpor... Egon Wiberg... ; traducción de... J. Martín Sauras. |
| 260 |
_aBarcelona : _bManuel Marín, _c[1951] |
||
| 300 |
_aXXIV, 750 p : _bil ; _c24 cm. |
||
| 700 | 1 |
_aMartín Sauras, J. _977660 |
|
| 852 |
_aES-MaACL _jD-6758 _bR.31749 |
||
| 999 |
_c134574 _d134574 |
||